| 000 | 01760cam a22004214i 4500 | ||
|---|---|---|---|
| 003 | PE-LiUPU | ||
| 005 | 20250731173130.0 | ||
| 008 | 150623s r 000 0 d | ||
| 035 | _a(Sirsi) a26292 | ||
| 040 |
_aPE-LiUPU _bspa _cPE-LiUPU _erda |
||
| 082 | 0 | 4 |
_a266.673 _bU56 _221 |
| 100 | 1 |
_aUnderwood, Una J., _eautor. |
|
| 245 | 1 | 0 |
_aWomen in their place : _bdoes God call women? / _cUna J. Underwood. |
| 264 | 1 |
_aBerrien Springs, Michigan : _bBiblical Foundations, _c1990. |
|
| 300 |
_a461 páginas ; _c23 cm. |
||
| 336 |
_atext _2rdacontent |
||
| 337 |
_aunmediated _2rdamedia |
||
| 338 |
_avolume _2rdacarrier |
||
| 504 | _aIncluye bibliografía. | ||
| 505 | 0 | _aMales and females work for God. Women in the image of God. Old Testament women-part a. Old Testament women-part B. The messiah is coming and women prophets. Worthy New Testament women. Pharisees of the past and today. Paul and women. Women in the healing arts. How christians disagree. Conflict between the sexes. Controlled psychiatry and law. Ordination in scripture and now. An amazing enigma. | |
| 526 | _aSEG42 | ||
| 526 | _aSEG41 | ||
| 526 | _aSEG40 | ||
| 526 | _aSEG39 | ||
| 526 | _aP94 | ||
| 526 | _aP87 | ||
| 526 | _aP86 | ||
| 526 | _aP85 | ||
| 526 | _aP77 | ||
| 526 | _aP76 | ||
| 526 | _aP35 | ||
| 650 | 0 | 4 | _aMujeres en la iglesia. |
| 942 |
_2ddc _cBOOK |
||
| 949 |
_a266.673 U56 _wDEWEY _c1 _i51578 _lCCODEBUL1 _mBUL _p13.00 _r0 _sY _tBOOK _u2015-06-24 _xTEOLOGIA _PP35 _0COMPRA _o.STAFF. Colección General |
||
| 596 | _a1 | ||
| 999 |
_a266.673 U56 _wDEWEY _c33307 _i51578 _f2021-11-10 _g5 _lCCODEBUL1 _mBUL _p13.00 _r0 _sY _tBOOK _u2015-6-24 _xTEOLOGIA _PP35 _0COMPRA _o.STAFF. Colección General _d33307 |
||
| 980 |
_81 _gALBERTO SANCHEZ Responsable de Automatización |
||